Alemania: Los Länder, sus capitales y sus ciudades más grandes - Estadísticas

Estadísticas generales
  • Esta prueba ha sido intentada 30 veces
  • La puntuación promedio es 25 de 36
Respuestas en el mapa
Las respuestas están codificadas por una escala verde-roja en el mapa de la prueba según el % correcto abajo.
 
Estadísticas de respuestas
Estado % Correcto
Berlín
100%
Berlin
100%
Bremen
96%
Bremen
96%
Hamburgo
96%
Hamburgo
96%
Múnich
93%
Baviera
89%
Colonia
85%
Dusseldorf
85%
Leipzig
85%
Renania del Norte-Westfalia
85%
Stuttgart
85%
Sajonia
81%
Dresde
78%
Hanóver
78%
Baja Sajonia
70%
Brandeburgo
70%
Francfort
70%
Kiel
70%
Baden-Wurtemberg
63%
Schleswig-Holstein
63%
Potsdam
59%
Sarre
59%
Turingia
59%
Saarbrucken
56%
Érfurt
52%
Maguncia
52%
Renania-Palatinado
52%
Hessen
48%
Sajonia-Anhalt
48%
Wiesbaden
48%
Magdeburgo
44%
Rostock
44%
Schwerin
44%
Mecklemburgo-Pomerania Occidental
37%
No se encontraron pruebas coincidentes
Distribución de puntuación
Porcentaje de gente con cada puntuación
Porcentaje por número respondido
Historial de tus puntuaciones
No has intentado esta prueba.